Up and running with AutoCAD 2020 : (Record no. 318)

MARC details
000 -LEADER
fixed length control field 01143nam a22003017a 4500
001 - CONTROL NUMBER
control field 21051748
005 - DATE AND TIME OF LATEST TRANSACTION
control field 20230505104657.0
008 - FIXED-LENGTH DATA ELEMENTS--GENERAL INFORMATION
fixed length control field 230505b |||||||| |||| 00| 0 eng d
010 ## - LIBRARY OF CONGRESS CONTROL NUMBER
LC control number 2019945023
020 ## - INTERNATIONAL STANDARD BOOK NUMBER
International Standard Book Number 9780128198629
Qualifying information (paperback)
040 ## - CATALOGING SOURCE
Original cataloging agency DLC
Language of cataloging eng
Description conventions rda
Transcribing agency KMU
Modifying agency KMU
050 00 - LIBRARY OF CONGRESS CALL NUMBER
Classification number T 386.A97 Gin 2020
100 1# - MAIN ENTRY--PERSONAL NAME
Personal name Gindis, Elliot,
Relator term author.
245 10 - TITLE STATEMENT
Title Up and running with AutoCAD 2020 :
Remainder of title 2D drafting and design /
Statement of responsibility, etc. Elliot J Gindis and Robert C Kaebisch.
264 #1 - PRODUCTION, PUBLICATION, DISTRIBUTION, MANUFACTURE, AND COPYRIGHT NOTICE
Place of production, publication, distribution, manufacture London, United Kingdom ;
-- San Diego, CA, United States :
Name of producer, publisher, distributor, manufacturer Academic Press, an imprint of Elsevier,
Date of production, publication, distribution, manufacture, or copyright notice 2020
300 ## - PHYSICAL DESCRIPTION
Extent xvii, 574 pages :
Other physical details illustrations (some color) ;
Dimensions 26 cm
336 ## - CONTENT TYPE
Content type term text
Content type code txt
Source rdacontent
337 ## - MEDIA TYPE
Media type term unmediated
Media type code n
Source rdamedia
338 ## - CARRIER TYPE
Carrier type term volume
Carrier type code nc
Source rdacarrier
500 ## - GENERAL NOTE
General note Minimal Level Cataloging Plus.
Institution to which field applies DLC
500 ## - GENERAL NOTE
General note Includes index.
630 00 - SUBJECT ADDED ENTRY--UNIFORM TITLE
Uniform title AutoCAD.
650 #0 - SUBJECT ADDED ENTRY--TOPICAL TERM
Topical term or geographic name entry element Computer-aided design.
700 1# - ADDED ENTRY--PERSONAL NAME
Personal name Kaebisch, Robert C,
Relator term author.
906 ## - LOCAL DATA ELEMENT F, LDF (RLIN)
a 7
b cbc
c orignew
d 4
e ncip
f 20
g y-gencatlg
942 ## - ADDED ENTRY ELEMENTS (KOHA)
Source of classification or shelving scheme Library of Congress Classification
Koha item type Non-Fiction
Suppress in OPAC No
Holdings
Withdrawn status Lost status Source of classification or shelving scheme Damaged status Not for loan Collection Home library Current library Shelving location Date acquired Source of acquisition Total Checkouts Full call number Barcode Date last seen Date last checked out Price effective from Koha item type
    Library of Congress Classification     Non-fiction Kapasa Makasa University Kapasa Makasa University Open Access 05.05.2023 ZLS 1 T 386.A97 Gin 300332 04.09.2023 21.08.2023 05.05.2023 Non-Fiction
    Library of Congress Classification     Non-fiction Kapasa Makasa University Kapasa Makasa University Open Access 05.05.2023 ZLS   T 386.A97 Gin 300331 16.02.2026   05.05.2023 Non-Fiction